| 000 | 00606cam a22001937a 4500 | ||
|---|---|---|---|
| 999 |
_c2000 _d232504 |
||
| 001 | 002009 | ||
| 003 | armpunfd | ||
| 005 | 20190425123036.0 | ||
| 008 | 060807e0####xx#a##########000#0#und#d | ||
| 020 | _a950-14-1945-2 | ||
| 040 |
_aarmpunfd _carmpunfd |
||
| 080 | _a347.91/95 (821.2) C 158 | ||
| 100 | 1 | 0 | _a Camps, Carlos |
| 245 | 1 | 0 | _aCodigo Procesal Civil y Comercial de la Provincia de Buenos Aires comentado |
| 260 |
_aBuenos Aires : _b Depalma, _c2004 |
||
| 650 | 7 |
_a Codigo Procesal Civil Y Comercial _2LEMB |
|
| 942 |
_cLB _2cdu |
||
| 945 |
_aCatalis _d2010-08-19 |
||
| 945 |
_aCatalis _d2010-08-19 |
||